| 000 | 00529pab a2200169 454500 | ||
|---|---|---|---|
| 008 | 180718b2010 xxu||||| |||| 00| 0 eng d | ||
| 100 | _aKrishna Iyer, V.R. | ||
| 245 | _aSome lessons from the Bhopal outcome: the court verdict shows that India is still in a Victorian imperial-feudal era, distances away from the socialist dream | ||
| 260 | _c2010 | ||
| 300 | _ap.3, 36/ | ||
| 362 | _a19 Jun | ||
| 650 | _aDisasters - India - Madhya Pradesh | ||
| 650 | _aDisasters | ||
| 773 | _aMainstream | ||
| 908 | _aN | ||
| 909 | _a86863 | ||
| 999 |
_c86863 _d86863 |
||